देवर्षि-दयानन्द-चरितम / (Record no. 122010)
[ view plain ]
| 000 -LEADER | |
|---|---|
| fixed length control field | 01239nam a22002657a 4500 |
| 005 - DATE AND TIME OF LATEST TRANSACTION | |
| control field | 20170124103223.0 |
| 010 ## - LIBRARY OF CONGRESS CONTROL NUMBER | |
| LC control number | A-721898 |
| 020 ## - INTERNATIONAL STANDARD BOOK NUMBER | |
| Terms of availability | 150.00 |
| 035 ## - SYSTEM CONTROL NUMBER | |
| System control number | A-721898 |
| 037 ## - SOURCE OF ACQUISITION | |
| Source of stock number/acquisition | Cen Lib/Ret |
| 040 ## - CATALOGING SOURCE | |
| Original cataloging agency | DPL |
| Language of cataloging | HN |
| 082 ## - DEWEY DECIMAL CLASSIFICATION NUMBER | |
| Classification number | 238.33 |
| Item number | गोतम |
| 100 ## - MAIN ENTRY--PERSONAL NAME | |
| Personal name | गोतम, आचार्य रविदत्त |
| 9 (RLIN) | 133989 |
| 245 ## - TITLE STATEMENT | |
| Title | देवर्षि-दयानन्द-चरितम / |
| Statement of responsibility, etc | आचार्य रविदत्त गोतम |
| 246 ## - VARYING FORM OF TITLE | |
| Title proper/short title | Devarshi-Dayanand-Chritam / |
| Remainder of title | by Acharya Ravidatt 'Gotam' |
| 260 ## - PUBLICATION, DISTRIBUTION, ETC. (IMPRINT) | |
| Place of publication, distribution, etc | नई दिल्ली |
| Name of publisher, distributor, etc | इतिहास शोध संस्थान महरोली |
| Date of publication, distribution, etc | 1992 |
| 270 ## - ADDRESS | |
| Address | इतिहास शोध संस्थान महरोली |
| City | नई दिल्ली |
| 300 ## - PHYSICAL DESCRIPTION | |
| Extent | 196p. |
| Dimensions | 22cm(Hb) |
| 500 ## - GENERAL NOTE | |
| General note | Includes bibliographical references and index |
| 650 ## - SUBJECT ADDED ENTRY--TOPICAL TERM | |
| Topical term or geographic name as entry element | Political and social views |
| 9 (RLIN) | 7882 |
| 650 ## - SUBJECT ADDED ENTRY--TOPICAL TERM | |
| Topical term or geographic name as entry element | Dayananda Sarasvati, -- Swami, -- 1824-1883 |
| 9 (RLIN) | 133990 |
| 650 ## - SUBJECT ADDED ENTRY--TOPICAL TERM | |
| Topical term or geographic name as entry element | राजनीतिक और सामाजिक विचार |
| 9 (RLIN) | 133991 |
| 650 ## - SUBJECT ADDED ENTRY--TOPICAL TERM | |
| Topical term or geographic name as entry element | दयानंद सरस्वती, - स्वामी, - 1824-1883 |
| 9 (RLIN) | 133992 |
| 942 ## - ADDED ENTRY ELEMENTS (KOHA) | |
| Source of classification or shelving scheme | Dewey Decimal Classification |
| Koha item type | Hindi Books |
| Classification part | 238.33 |
| Call number suffix | गोतम |
| Withdrawn status | Lost status | Damaged status | Not for loan | Home library | Current library | Date acquired | Source of acquisition | Cost, normal purchase price | Total Checkouts | Full call number | Barcode | Date last seen | Copy number | Cost, replacement price | Price effective from | Koha item type |
|---|---|---|---|---|---|---|---|---|---|---|---|---|---|---|---|---|
| Central Library | Central Library | 16/02/2016 | Cen Lib/Ret | 150.00 | 238.33 गोतम | A-721898 | 16/02/2016 | 1 | 150.00 | 16/02/2016 | Hindi Books |
